Awaz-e-Dost/ (Record no. 347763)
[ view plain ]
| 000 -LEADER | |
|---|---|
| fixed length control field | 00698 a2200229 4500 |
| 003 - CONTROL NUMBER IDENTIFIER | |
| control field | NUST |
| 005 - DATE AND TIME OF LATEST TRANSACTION | |
| control field | 20250712161324.0 |
| 008 - FIXED-LENGTH DATA ELEMENTS--GENERAL INFORMATION | |
| fixed length control field | 250712b ||||| |||| 00| 0 eng d |
| 038 ## - RECORD CONTENT LICENSOR | |
| Staff Name | M. Shaban |
| 082 ## - DEWEY DECIMAL CLASSIFICATION NUMBER | |
| Classification number | 891.439 |
| Author Mark | MAS |
| 100 ## - MAIN ENTRY--PERSONAL NAME | |
| Personal name | Masood,Mukhtar |
| 9 (RLIN) | 35618 |
| 245 ## - TITLE STATEMENT | |
| Title | Awaz-e-Dost/ |
| Statement of responsibility, etc. | Mukhtar Masood, |
| 260 ## - PUBLICATION, DISTRIBUTION, ETC. | |
| Place of publication, distribution, etc. | Lahore: |
| Name of publisher, distributor, etc. | Maktaba-e tameer-e insaniyat; |
| Date of publication, distribution, etc. | 2020. |
| 300 ## - PHYSICAL DESCRIPTION | |
| Extent | 230p |
| 500 ## - GENERAL NOTE | |
| General note | Hard cover |
| 563 ## - BINDING INFORMATION | |
| Binding note | HB |
| 650 ## - SUBJECT ADDED ENTRY--TOPICAL TERM | |
| Source of heading or term | Autobiography and memoir. |
| 880 ## - ALTERNATE GRAPHIC REPRESENTATION | |
| Linkage | 100-01\(3\r |
| Title | آوازِ دوست / |
| 880 ## - ALTERNATE GRAPHIC REPRESENTATION | |
| Linkage | 100-02\(3\r |
| Title | مختار مسعود۔ |
| 880 ## - ALTERNATE GRAPHIC REPRESENTATION | |
| Linkage | 100-03\(3\r |
| Title | :لاہور |
| b | مکتبہ تعمیرِ انسانیت، |
| c | 2020. |
| 942 ## - ADDED ENTRY ELEMENTS (KOHA) | |
| Koha item type | Book |
| Call number prefix | 891.439 MAS |
| Source of classification or shelving scheme | |
| Withdrawn status | Lost status | Damaged status | Not for loan | Permanent Location | Current Location | Date acquired | Total Checkouts | Total Renewals | Full call number | Barcode | Date last seen | Date last checked out | Price effective from | Koha item type | Source of classification or shelving scheme | Shelving location | Source of acquisition |
|---|---|---|---|---|---|---|---|---|---|---|---|---|---|---|---|---|---|
| Central Library (CL) | Central Library (CL) | 08/28/2013 | 2 | 4 | 891.439 MAS | NBS2803 | 05/30/2025 | 03/08/2019 | 08/28/2013 | Book | |||||||
| Central Library (CL) | Central Library (CL) | 07/12/2025 | 891.439 MAS | CL-D-2815 | 07/12/2025 | 07/12/2025 | Book | Urdu Literature | Donation |
